Sports Quiz

Random Sports or Football Quiz

NFL-Top Receivers by Team (2012) Quiz Stats

 Plays Quiz not verified by Sporcle

Challenge
Share
Tweet
Embed
Score 0/32 Timer 06:00
0 Plays Today
Team Player % Correct
BillsSteve Johnson
100%
TexansAndre Johnson
100%
LionsCalvin Johnson
100%
PanthersSteve Smith
98.9%
PatriotsWes Welker
97.9%
BengalsA.J. Green
97.9%
ChiefsDwayne Bowe
96.8%
BearsBrandon Marshall
96.8%
FalconsRoddy White
96.8%
BroncosDemaryius Thomas
95.8%
GiantsVictor Cruz
95.8%
BuccaneersVincent Jackson
95.8%
CardinalsLarry Fitzgerald
95.8%
CowboysDez Bryant
94.7%
49ersMichael Crabtree
94.7%
RavensAnquan Boldin
93.7%
Team Player % Correct
SaintsMarques Colston
93.7%
ColtsReggie Wayne
91.6%
DolphinsBrian Hartline
89.5%
EaglesJeremy Maclin
87.4%
VikingsPercy Harvin
87.4%
PackersRandall Cobb
85.3%
SteelersHeath Miller
81.1%
TitansNate Washington
81.1%
SeahawksSidney Rice
81.1%
ChargersMalcolm Floyd
80%
RedskinsPierre Garcon
80%
JaguarsCecil Shorts
73.7%
JetsJeremy Kerley
62.1%
BrownsJosh Gordon
55.8%
RamsChris Givens
42.1%
RaidersBrandon Myers
40%

You're not logged in!

Compare scores with friends on all Sporcle quizzes.
Join for Free
OR
Log In

You Might Also Like...

Show Comments

Extras

Top Quizzes Today


Score Distribution

Your Account Isn't Verified!

In order to create a playlist on Sporcle, you need to verify the email address you used during registration. Go to your Sporcle Settings to finish the process.

Report this User

Report this user for behavior that violates our Community Guidelines.

Details: